|
|
|
|
| LEADER |
00000nam a22000001a 4500 |
| 001 |
vtls010568047 |
| 003 |
SK-MaSNL |
| 005 |
20260301044515.0 |
| 008 |
160429s2013 xo oda e n 000 0 eng |
| 015 |
|
|
|a SNBA2014/01
|
| 020 |
|
|
|a 9788097147655 (brož.)
|
| 035 |
|
|
|a 4706704C-5779-4719-9334-B55C3285E37D
|
| 035 |
|
|
|a urn:nbn:sk:snk-amjz0c
|
| 035 |
|
|
|a urn:nbn:sk:snk-am008077
|
| 040 |
|
|
|a SNK
|b slo
|c SNK
|e AACR2
|
| 041 |
0 |
|
|a eng
|b eng
|
| 044 |
|
|
|a xo
|c SK
|
| 072 |
|
7 |
|a 658
|x Riadenie a správa podniku
|2 konspekt
|
| 080 |
|
|
|a 658.52:005.591.6
|2 2001
|
| 080 |
|
|
|a 658.5
|2 2001
|
| 080 |
|
|
|a 005.6
|2 2001
|
| 080 |
|
|
|a (048.8)
|2 2001
|
| 100 |
1 |
|
|a Matisková, Darina,
|d 1961-
|4 aut
|4 edt
|9 196506
|
| 245 |
1 |
0 |
|a Selected methods from quality and automation of management production
|b monograph published imprttant contributions in the field of quality control of production, economic aspects of factory automation
|c Darina Matisková
|
| 250 |
|
|
|a 1st ed.
|
| 260 |
|
|
|a [Prešov
|b Darina Matisková]
|c 2013
|
| 300 |
|
|
|a 93 s.
|b fotogr., grafy, sch., tab.
|c 30 cm
|
| 366 |
|
|
|e 50 výt.
|
| 500 |
|
|
|a Vydav. údaje podľa ISBN
|
| 500 |
|
|
|a Na tit. liste uvedené European Union
|
| 504 |
|
|
|a Bibliogr. odkazy
|
| 546 |
|
|
|a Res. angl.
|
| 650 |
0 |
7 |
|a priemyselná automatizácia
|2 SNKPH
|9 28808
|
| 650 |
0 |
7 |
|a Industrial automation
|2 SNKPHeng
|9 268336
|
| 650 |
0 |
7 |
|a manažment výroby
|2 SNKPH
|9 933
|
| 650 |
0 |
7 |
|a Production management
|2 SNKPHeng
|9 94117
|
| 650 |
0 |
7 |
|a Quality management
|2 SNKPHeng
|9 276990
|
| 650 |
0 |
7 |
|a manažment kvality
|2 SNKPH
|9 932
|
| 655 |
|
7 |
|a monografie
|2 SNKPH
|9 70139
|
| 655 |
|
7 |
|a Monographs
|2 SNKPHeng
|9 120675
|
| 919 |
|
|
|a 978-80-971476-5-5
|
| 958 |
|
|
|a NB
|
| 999 |
|
|
|c 596153
|d 598083
|
| 952 |
|
|
|a SNK
|b SNK
|y PREZ
|7 0
|p 17A1094264
|o snkSB 86034
|i snk2014/629
|8 0
|0 0
|1 0
|4 0
|d 2014-01-09
|f 1
|l 0
|r 2025-05-07 00:00:00
|w 2026-02-23
|
| 952 |
|
|
|a SNK
|b SNK
|y VYP
|7 0
|p 17A1094235
|o snkSB 86034 D1
|i snk2014/631
|8 0
|0 0
|1 0
|4 0
|d 2014-01-09
|l 0
|r 2016-06-30 00:00:00
|w 2026-02-23
|